000 00409nam a2200181Ia 4500
001 10773
005 20260306161857.0
008 260306t1962||||xx |||||||||||||| ||spa||
041 _aESP
082 _a949.5
_bK58 1962
100 _aKitto, H. D. F.
_eAUT
245 0 _aLos griegos
260 _c1962
300 _a356 páginas :
_c18 cm.
650 _aGEN
654 _aCHU
942 _cLIB
_dJUS
_fJUS
_2ddc
_n
999 _c10773
_d10773